[Event "10. Oeffinger Schachopen"]
[Site "Fellbach-Oeffingen"]
[Date "2019.06.12"]
[Round "7.3"]
[White "Gheng, Josef"]
[Black "Heining, Thomas"]
[Result "1/2-1/2"]
[WhiteElo "2199"]
[BlackElo "2134"]
[PlyCount "249"]
[EventDate "2019.??.??"]
[WhiteTeam "SK Wernau"]
[BlackTeam "Zentrumsbauer Stuttgart"]

1. c4 Nf6 2. Nf3 g6 3. Nc3 Bg7 4. g3 O-O 5. Bg2 d6 6. O-O e5 7. d3 h6 8. a3 a5
9. Rb1 Re8 10. Nd2 c6 11. b4 axb4 12. axb4 d5 13. Qb3 Be6 14. b5 Nbd7 15. bxc6
bxc6 16. cxd5 cxd5 17. Nxd5 Nxd5 18. Bxd5 Nc5 19. Bxe6 Nxb3 20. Bxb3 Qe7 21.
Bd5 Rab8 22. Ra1 e4 23. Ra6 exd3 24. exd3 Qd8 25. Bc4 Rb6 26. Rxb6 Qxb6 27. Nb3
h5 28. Be3 Qc7 29. Nd2 Kh7 30. Nf3 Bf6 31. Rb1 Rb8 32. Rxb8 Qxb8 33. h4 Qb1+
34. Kh2 Qb7 35. Nd2 Kg7 36. Ne4 Be5 37. Ng5 f6 38. Ne4 Qb2 39. Nc5 Qe2 40. Bd5
Kh7 41. Kg2 Bd6 42. d4 Be7 43. Bf3 Qb5 44. Ne4 Kg7 45. Nc5 Qe8 46. Ne6+ Kh7 47.
d5 Bd6 48. Bd4 Qe7 49. Be4 Kh6 50. Bf3 Kh7 51. g4 hxg4 52. Bxg4 Kg8 53. Bf3 Kf7
54. h5 gxh5 55. Bxh5+ Kg8 56. Bg6 Qb7 57. Be4 Qe7 58. Kf3 Qf7 59. Kg4 Qe7 60.
f4 Qb7 61. Bxf6 Qa7 62. Bd4 Qa6 63. Ng5 Qe2+ 64. Kf5 Qh5 65. Be5 Be7 66. Bf6
Bc5 67. d6 Bxd6 68. Bf3 Qh2 69. Kg6 Qc2+ 70. f5 Qc4 71. Bg7 Be7 72. f6 Bxf6 73.
Bxf6 Kf8 74. Be4 Ke8 75. Bf5 Qg8+ 76. Kh5 Qb3 77. Ne4 Qf3+ 78. Kg6 Qg2+ 79. Bg5
Qg1 80. Nd6+ Kf8 81. Kf6 Qa1+ 82. Ke6 Qa2+ 83. Ke5 Qh2+ 84. Bf4 Qb2+ 85. Ke6
Qa2+ 86. Kf6 Qb2+ 87. Be5 Qf2 88. Ne4 Qf1 89. Bd6+ Ke8 90. Ke6 Qc4+ 91. Ke5
Qb5+ 92. Bc5 Qb2+ 93. Kd6 Qb8+ 94. Kc6 Qa8+ 95. Kc7 Qa5+ 96. Bb6 Qe5+ 97. Kc6
Kf7 98. Nd6+ Kf8 99. Bd7 Qc3+ 100. Bc5 Kg8 101. Bf5 Qe5 102. Bb6 Qe2 103. Kd7
Qd1 104. Ke7 Qe2+ 105. Ne4 Kg7 106. Bd4+ Kh6 107. Kf6 Qa6+ 108. Be6 Qf1+ 109.
Bf2 Qa1+ 110. Kf5 Qa5+ 111. Bc5 Qb5 112. Bd5 Qd7+ 113. Ke5 Qe8+ 114. Kf4 Qb8+
115. Bd6 Qb1 116. Kf5 Qf1+ 117. Bf4+ Kg7 118. Ng3 Qd3+ 119. Be4 Qd7+ 120. Kg5
Qd8+ 121. Kg4 Qd1+ 122. Bf3 Qd7+ 123. Kh4 Qe7+ 124. Bg5 Qb4+ 125. Kh5 1/2-1/2

[Event "10. Oeffinger Schachopen"]
[Site "Fellbach-Oeffingen"]
[Date "2019.06.12"]
[Round "7.4"]
[White "Hüttig, Michael"]
[Black "Scholl, Martin"]
[Result "1-0"]
[WhiteElo "2114"]
[BlackElo "2030"]
[PlyCount "59"]
[EventDate "2019.??.??"]
[WhiteTeam "SC Erdmannhausen"]
[BlackTeam "TSV/RSK Esslingen"]

1. Nf3 b6 2. g3 Bb7 3. Bg2 Nf6 4. O-O e6 5. d3 Be7 6. e4 d5 7. Nbd2 O-O 8. e5
Nfd7 9. Re1 c5 10. h4 Nc6 11. Nf1 b5 12. N1h2 a5 13. Bf4 a4 14. a3 b4 15. Ng5
Bxg5 16. hxg5 Nd4 17. c3 Nb3 18. Rb1 bxa3 19. bxa3 Qa5 20. c4 Ra7 21. Qh5 g6
22. Qh6 Nd4 23. Ng4 Nf5 24. Qh3 Bc6 25. Nf6+ Nxf6 26. exf6 Kh8 27. g4 Nd4 28.
Qh6 Rg8 29. Re3 Ne2+ 30. Rxe2 1-0

[Event "10. Oeffinger Schachopen"]
[Site "Fellbach-Oeffingen"]
[Date "2019.06.12"]
[Round "7.5"]
[White "Reichenbächer, Thomas"]
[Black "Degenhardt, Horst"]
[Result "1/2-1/2"]
[WhiteElo "1949"]
[BlackElo "2232"]
[PlyCount "57"]
[EventDate "2019.??.??"]
[WhiteTeam "SVG Konstanz"]
[BlackTeam "SC Lorsch"]

1. c4 e6 2. Nf3 d5 3. d4 a6 4. g3 Nf6 5. Bg2 dxc4 6. Ne5 c5 7. e3 Ra7 8. Nxc4
b5 9. Ne5 Bb7 10. Bxb7 Rxb7 11. O-O Nbd7 12. Qf3 Qb8 13. Nxd7 Rxd7 14. dxc5
Bxc5 15. Nd2 O-O 16. Nb3 Bb6 17. Bd2 Rfd8 18. Bc3 Nd5 19. Bd4 Bxd4 20. Nxd4 Rc8
21. Rad1 Qe5 22. Kg2 g6 23. h4 h5 24. Rfe1 Rdc7 25. Re2 Rc4 26. Red2 Kg7 27.
Nb3 Rc2 28. Nd4 R2c4 29. Nb3 1/2-1/2

[Event "10. Oeffinger Schachopen"]
[Site "Fellbach-Oeffingen"]
[Date "2019.06.12"]
[Round "7.6"]
[White "Siegle, Florian"]
[Black "Gustain, Marc"]
[Result "1/2-1/2"]
[WhiteElo "1898"]
[BlackElo "2167"]
[PlyCount "93"]
[EventDate "2019.??.??"]
[WhiteTeam "Stuttgarter SF"]
[BlackTeam "SF Deizisau"]

1. d4 d5 2. Nf3 Nf6 3. Bg5 Ne4 4. Bf4 c6 5. c3 Qb6 6. Qc2 h6 7. e3 Bf5 8. Bd3
Nd7 9. Nbd2 Nxd2 10. Bxf5 Nxf3+ 11. gxf3 e6 12. Bd3 c5 13. dxc5 Nxc5 14. Be2
Bd6 15. Bxd6 Qxd6 16. O-O-O Qc6 17. Rdg1 g6 18. b4 Nd7 19. a4 Rc8 20. Kb2 Ke7
21. f4 a5 22. Qb3 Nb6 23. Bb5 Nc4+ 24. Ka2 Qd6 25. Rd1 Rhd8 26. Rd4 Qb6 27. h4
Nd6 28. Be2 Ne4 29. bxa5 Qxa5 30. Bf3 Rxc3 31. Qxb7+ Kf6 32. Bxe4 dxe4 33. Qxe4
Rdc8 34. Rb1 Rc2+ 35. Rb2 Rxb2+ 36. Kxb2 Qc3+ 37. Ka2 Qc1 38. Kb3 Rc3+ 39. Kb4
Qa3+ 40. Ka5 Qc5+ 41. Ka6 Qc8+ 42. Kb5 Ke7 43. Rc4 Qb8+ 44. Kc5 Rb3 45. Rb4
Qc7+ 46. Kb5 Rc3 47. Rc4 1/2-1/2

[Event "10. Oeffinger Schachopen"]
[Site "Fellbach-Oeffingen"]
[Date "2019.06.12"]
[Round "7.7"]
[White "Bellingrath, Jens"]
[Black "Peper, Johannes"]
[Result "1-0"]
[WhiteElo "2080"]
[BlackElo "1639"]
[PlyCount "53"]
[EventDate "2019.??.??"]
[WhiteTeam "SC Lorsch"]
[BlackTeam "SC Grunbach"]

1. e4 c5 2. Nf3 e6 3. d4 cxd4 4. Nxd4 Nf6 5. Nc3 d6 6. Bc4 a6 7. Bb3 Nbd7 8. f4
Nc5 9. f5 Be7 10. Qf3 Qc7 11. g4 h6 12. h4 Bd7 13. g5 hxg5 14. hxg5 Rxh1+ 15.
Qxh1 Ng4 16. fxe6 Bc6 17. exf7+ Kd8 18. Qh8+ Kd7 19. Qh3 Rf8 20. Qxg4+ Kd8 21.
g6 d5 22. Bf4 Qb6 23. Nxc6+ bxc6 24. O-O-O Nxb3+ 25. axb3 d4 26. Be5 c5 27. Nd5
1-0

[Event "10. Oeffinger Schachopen"]
[Site "Fellbach-Oeffingen"]
[Date "2019.06.12"]
[Round "7.8"]
[White "Partik, Markus"]
[Black "Gabriel, Josef"]
[Result "1/2-1/2"]
[WhiteElo "1880"]
[BlackElo "2062"]
[PlyCount "138"]
[EventDate "2019.??.??"]
[WhiteTeam "TSV Münchingen"]
[BlackTeam "Stuttgarter SF"]

1. c4 g6 2. Nc3 Bg7 3. g3 d6 4. Bg2 Nc6 5. Rb1 e5 6. b4 Nge7 7. e3 O-O 8. Nge2
Bf5 9. d3 Qc8 10. b5 Nd8 11. O-O c6 12. Re1 Bh3 13. Bh1 h5 14. Ba3 c5 15. Nd5
Nxd5 16. Bxd5 h4 17. Bg2 hxg3 18. hxg3 Bxg2 19. Kxg2 Ne6 20. Nc3 Bf6 21. Nd5
Kg7 22. Bb2 Ng5 23. Rh1 Rh8 24. Qe2 a6 25. Nb6 Qe6 26. Nxa8 Rxa8 27. a4 axb5
28. axb5 e4 29. Bxf6+ Kxf6 30. Rh4 Ke7 31. dxe4 Nxe4 32. Qd3 Nf6 33. Rd1 Ra4
34. Rc1 Ra2 35. Rc2 Ra1 36. f3 b6 37. e4 Ra4 38. Rh8 Qe5 39. Rb8 Nh5 40. Rb7+
Ke8 41. f4 Qxf4 42. Rf2 Qe5 43. Rbxf7 Qd4 44. Rf8+ Ke7 45. Qf3 Qxc4 46. Rb8 Ke6
47. Qf7+ Ke5 48. Re8+ Kd4 49. Rd2+ Kc3 50. Qxc4+ Kxc4 51. Rxd6 Kxb5 52. Rxg6
Ra2+ 53. Kf1 Ra1+ 54. Ke2 Ra2+ 55. Kd1 Rg2 56. Rb8 Rxg3 57. Rbxb6+ Kc4 58. Rxg3
Nxg3 59. e5 Kd5 60. e6 Nf5 61. Kd2 c4 62. Kc3 Kc5 63. Ra6 Kd5 64. Kb4 Ne7 65.
Ra7 Nc6+ 66. Ka4 Kxe6 67. Ra6 Kd5 68. Kb5 Ne7 69. Kb4 Kd4 1/2-1/2